[Event "4th 4NCL Easter Congress"]
[Site "Holiday Inn Peterborough - West"]
[Date "2024.03.30"]
[Round "3"]
[Board "14"]
[White "Goldsmith, Jennifer"]
[Black "Prabhakaran, Anvikkashri"]
[Result "0-1"]
[WhiteElo "1561"]
[BlackElo "1210"]
[PlyCount "0"]
[EventDate "2024.03.29"]
[EventRounds "7"]
[EventCountry "ENG"]

1. c4 e6 2. Nc3 d5 3. e4 c6 4. d3 Ne7 5. Bd2 g6 6. Be2 Bg7 7. Nf3 O-O 8. O-O d4 9.
Na4 Nd7 10. b3 b5 11. cxb5 cxb5 12. Nb2 f5 13. Bb4 Rf7 14. h3 Nc6 15. Bd2 fxe4 16.
dxe4 d3 17. Nxd3 Bxa1 18. Qxa1 Qf6 19. Bc3 Qe7 20. Bd2 Bb7 21. Bh6 Qf6 22. e5 Qe7
23. Ng5 Rf5 24. Bg4 Rxg5 25. Bxg5 Qxg5 26. Bxe6+ Kf8 27. Bxd7 Nxe5 28. Nf4 Qxf4 29.
Bg4 Qf6 30. Qc1 Nxg4 31. hxg4 Qc6 32. Qf4+ Kg8 33. Qg3 Rd8 34. Re1 Qd6 35. Qh3 Qd2
36. Re3 Qd1+ 37. Kh2 Qd6+ 38. Kg1 Qf6 39. Re2 Rd1+ 40. Kh2 Qf4+ 41. g3 Rh1#  0-1

[Event "4th 4NCL Easter Congress"]
[Site "Holiday Inn Peterborough - West"]
[Date "2024.03.30"]
[Round "3"]
[Board "15"]
[White "Patel, Diah"]
[Black "Gordon, Tim"]
[Result "1/2-1/2"]
[WhiteElo "1495"]
[BlackElo "1500"]
[PlyCount "0"]
[EventDate "2024.03.29"]
[EventRounds "7"]
[EventCountry "ENG"]

1. e4 c6 2. Nf3 d5 3. d3 dxe4 4. Ng5 exd3 5. Bxd3 Nf6 6. Nxf7 Kxf7 7. Bg6+ hxg6 8.
Qxd8 Bf5 9. Bf4 e5 10. Qc7+ Nbd7 11. Bxe5 Re8 12. f4 Bc5 13. Nc3 Re7 14. O-O-O Nxe5
15. Qa5 Be3+ 16. Kb1 Bxf4 17. Qb4 Rh4 18. g3 Bxg3 19. Rd4 Rxh2 20. Rxh2 Bxh2 21.
Rd2 Bg1 22. Re2 Bb6 23. Na4 Rd7 24. a3 Rd1+ 25. Ka2 Be6+ 26. b3 Nd5 27. Qh4 Bd4 28.
c3 Nxc3+ 29. Nxc3 Bxc3 30. Rf2+ Bf5 31. Rxf5+ Kg8 32. Rf1 Rxf1 33. Qd8+ Rf8 34. Qd1
Rf2+ 35. Kb1 Nf3 36. Qd8+ Kh7 37. Qc8 Rh2 38. Qg4 Ne5 39. Qg3 Rh1+ 40. Kc2 Bd4 41.
Qf4 Ba1 42. Qe4 Rh2+  1/2-1/2

[Event "4th 4NCL Easter Congress"]
[Site "Holiday Inn Peterborough - West"]
[Date "2024.03.30"]
[Round "3"]
[Board "16"]
[White "Gilbert, David J"]
[Black "Carpenter, David J"]
[Result "1-0"]
[WhiteElo "1683"]
[BlackElo "1686"]
[PlyCount "0"]
[EventDate "2024.03.29"]
[EventRounds "7"]
[EventCountry "ENG"]

1. c4 g6 2. g3 Bg7 3. Bg2 e5 4. Nc3 Nf6 5. d3 O-O 6. Nf3 d6 7. O-O c6 8. Rb1 a5 9.
c5 Re8 10. cxd6 Qxd6 11. Bg5 Bg4 12. Nd2 Nbd7 13. Bxf6 Nxf6 14. Nc4 Qe7 15. Qc2 Rac8
16. Ne3 Be6 17. b4 axb4 18. Rxb4 Red8 19. Rfb1 b5 20. Ra1 Bf8 21. Rbb1 Ng4 22. Nxg4
Bxg4 23. Ne4 Bg7 24. a4 bxa4 25. Rxa4 Bf5 26. Nc5 Bf8 27. Rb7 Qd6 28. Ne4 Bxe4 29.
Bxe4 Rd7 30. Rxd7 Qxd7 31. Qa2 Rc7 32. h4 h5 33. Bxg6 Qd5 34. Bxh5 Kg7 35. Bf3 Qxa2
36. Rxa2 f5 37. Ra6 c5 38. Rb6 Kh7 39. Bh5  1-0

[Event "4th 4NCL Easter Congress"]
[Site "Holiday Inn Peterborough - West"]
[Date "2024.03.30"]
[Round "3"]
[Board "17"]
[White "Fletcher, Ben J"]
[Black "Raj Konwar, Daryan"]
[Result "1-0"]
[WhiteElo "1605"]
[BlackElo "1362"]
[PlyCount "0"]
[EventDate "2024.03.29"]
[EventRounds "7"]
[EventCountry "ENG"]

1. e4 c5 2. Nf3 d6 3. d4 cxd4 4. Nxd4 Nf6 5. Nc3 a6 6. Be3 g6 7. f3 Bg7 8. Qd2 Nbd7
9. O-O-O b5 10. g4 Bb7 11. h4 Ne5 12. Be2 Rc8 13. h5 b4 14. Na4 Qa5 15. b3 gxh5 16.
gxh5 d5 17. Nf5 Rg8 18. Bb6 Qxa4 19. Nxg7+ Rxg7 20. bxa4 Rg2 21. Qe3 Rc3 22. Qf4
Rxe2 23. Rd2 Rxd2 24. Qxd2 Nc4 25. Qd4 dxe4 26. Qd8#  1-0

[Event "4th 4NCL Easter Congress"]
[Site "Holiday Inn Peterborough - West"]
[Date "2024.03.30"]
[Round "3"]
[Board "18"]
[White "Graeme, Matthew"]
[Black "Hutchinson, Stephen A"]
[Result "1-0"]
[WhiteElo "1156"]
[BlackElo "1135"]
[PlyCount "0"]
[EventDate "2024.03.29"]
[EventRounds "7"]
[EventCountry "ENG"]

1. e4 e5 2. f4 exf4 3. Bc4 Bd6 4. Nf3 Nf6 5. e5 Qe7 6. Qe2 Bxe5 7. Nxe5 Nc6 8. Nxc6
dxc6 9. d4 b5 10. Qxe7+ Kxe7 11. Bd3 Re8 12. O-O Nd5 13. Nc3 Kf8 14. Bxh7 Ba6 15.
Nxd5 cxd5 16. b3 b4 17. Bd3 Bxd3 18. cxd3 Re6 19. Bxf4 Rae8 20. Bxc7 a6 21. Bg3 g6
22. Rfe1 Re3 23. Rxe3 Rxe3 24. Bd6+ Kg8 25. Bxb4 Rxd3 26. Bc5 f5 27. Kf1 g5 28. Rc1
Kf7 29. Ke2 Rxd4 30. Bxd4 Kg6 31. Rc5 g4 32. Rxd5 Kg5 33. Be3+ Kh4 34. Rxf5 g3 35.
Bf4 gxh2 36. Bxh2 Kg4 37. Ra5 Kh4 38. Rxa6 Kg4 39. b4 Kh4 40. b5 Kg4 41. b6 Kh4 42.
b7 Kg4 43. b8=Q Kh4 44. Qf8 Kh5 45. Qf5+ Kh4 46. Ra4#  1-0

[Event "4th 4NCL Easter Congress"]
[Site "Holiday Inn Peterborough - West"]
[Date "2024.03.31"]
[Round "4"]
[Board "1"]
[White "Homer, Neil S"]
[Black "Saha, Soumil"]
[Result "1-0"]
[WhiteElo "1693"]
[BlackElo "1479"]
[PlyCount "0"]
[EventDate "2024.03.29"]
[EventRounds "7"]
[EventCountry "ENG"]

1. e4 e6 2. d4 d5 3. exd5 exd5 4. Nf3 Nf6 5. Bd3 Be7 6. Bf4 O-O 7. O-O Bg4 8. h3
Bh5 9. Nbd2 c6 10. c3 Bg6 11. Bxg6 hxg6 12. Qb3 Qb6 13. Rfe1 Re8 14. Re3 Nbd7 15.
Rae1 Bf8 16. Ne5 Nxe5 17. Bxe5 Re6 18. Bxf6 Rxf6 19. Nf3 Qc7 20. Qd1 b5 21. Qe2 Rd6
22. Ng5 Rdd8 23. Qg4 f6 24. Ne6 Qa5 25. Nxd8 Rxd8 26. Re8 Rxe8 27. Rxe8 Qxa2 28.
Qe6+ Kh7 29. Rxf8 Qxb2 30. Qg4 Qc1+ 31. Kh2 Qh6 32. g3 f5 33. Qh4 Qxh4 34. gxh4 a5
35. Rc8 a4 36. Rxc6 Kh6 37. f4 Kh5 38. Kg3 g5 39. Rb6 gxf4+ 40. Kxf4 Kxh4 41. Rxb5
Kxh3 42. Kxf5 Kg3 43. Ra5 Kf3 44. Rxa4 Ke3 45. Ra5 g6+ 46. Kxg6 Kd3 47. Rxd5 Kxc3
48. Rd8  1-0

[Event "4th 4NCL Easter Congress"]
[Site "Holiday Inn Peterborough - West"]
[Date "2024.03.31"]
[Round "4"]
[Board "2"]
[White "Ramsey, David"]
[Black "Fraser, Chris A"]
[Result "1-0"]
[WhiteElo "1682"]
[BlackElo "1626"]
[PlyCount "0"]
[EventDate "2024.03.29"]
[EventRounds "7"]
[EventCountry "ENG"]

1. e4 c5 2. d4 cxd4 3. c3 g6 4. Nf3 Bg7 5. Bc4 e6 6. O-O Nc6 7. cxd4 d5 8. exd5 exd5
9. Bb3 Nge7 10. Nc3 O-O 11. Bf4 a6 12. Qd2 Bf5 13. Bh6 Na5 14. Bxg7 Kxg7 15. Rfe1
Nxb3 16. axb3 Qd6 17. h4 h5 18. Ng5 Rfe8 19. Nf3 Rac8 20. Ra5 b5 21. Rea1 Rc6 22.
Ne5 Rb6 23. Nd1 Bc8 24. g3 Nc6 25. Nxc6 Rxc6 26. Ne3 Bb7 27. Re1 Rc7 28. Nf5+ gxf5
29. Rxe8 f6 30. Ra1 Re7 31. Rxe7+ Qxe7 32. Re1 Qd6 33. Qe2 Kg6 34. Qe8+ Kh6 35. Re6
Qc7 36. Rxf6+ Kg7 37. Qf8+  1-0

[Event "4th 4NCL Easter Congress"]
[Site "Holiday Inn Peterborough - West"]
[Date "2024.03.31"]
[Round "4"]
[Board "3"]
[White "Cheng, Wing"]
[Black "Bellano, Harry"]
[Result "1/2-1/2"]
[WhiteElo "1649"]
[BlackElo "1603"]
[PlyCount "0"]
[EventDate "2024.03.29"]
[EventRounds "7"]
[EventCountry "ENG"]

1. e4 e5 2. Nf3 Nc6 3. Bc4 Bc5 4. c3 Nf6 5. d3 a5 6. O-O O-O 7. d4 exd4 8. cxd4 Bb4
9. e5 Ne4 10. d5 Na7 11. a3 Bc5 12. Bd3 Nxf2 13. Rxf2 Bxf2+ 14. Kxf2 d6 15. Nc3 dxe5
16. Qe2 f6 17. Qe4 g6 18. Qc4 Qd6 19. Bh6 Rf7 20. b4 b5 21. Nxb5 Nxb5 22. Qxb5 Bd7
23. Qb7 Rd8 24. Rc1 Bc8 25. Qc6 axb4 26. Qxd6 Rxd6 27. axb4 Bb7 28. Bc4 Bxd5 29.
Bxd5 Rxd5 30. Be3 Rfd7 31. Ke2 e4 32. Nd2 f5 33. Bf4 Rd4 34. Rc4 R4d5 35. Nb3 Rd1
36. Bxc7 Rb1 37. Nd4 Rb2+ 38. Kf1 e3 39. Be5 Ra7 40. Nc2 Rb1+ 41. Ke2 Rb3 42. Nxe3
Re7 43. Bf4 Kg7 44. h4 Rb2+ 45. Kf3 Kf7 46. Bg5 Rd7 47. Nc2 Rd3+ 48. Ne3 Rdb3 49.
Rc7+  1/2-1/2

[Event "4th 4NCL Easter Congress"]
[Site "Holiday Inn Peterborough - West"]
[Date "2024.03.31"]
[Round "4"]
[Board "4"]
[White "Dhingra, Kanvansh"]
[Black "Griffin-Young, Sebastian"]
[Result "0-1"]
[WhiteElo "1609"]
[BlackElo "1576"]
[PlyCount "0"]
[EventDate "2024.03.29"]
[EventRounds "7"]
[EventCountry "ENG"]

1. e4 c5 2. c3 Nf6 3. e5 Nd5 4. Nf3 Nc6 5. d4 cxd4 6. cxd4 d6 7. Bc4 Nb6 8. Bb5 Bd7
9. exd6 exd6 10. O-O Be7 11. Nc3 O-O 12. Bf4 a6 13. Bd3 Bg4 14. Be3 h6 15. h3 Be6
16. Qc1 Bc4 17. Bxc4 Nxc4 18. Nd5 Nxe3 19. fxe3 Rc8 20. Qd2 Re8 21. Nh2 Bh4 22. Ng4
Qg5 23. Nf4 Ne7 24. Rac1 Rxc1 25. Qxc1 Nf5 26. Nd5 Nxd4 27. exd4 Qxd5 28. Qf4 Bg5
29. Qg3 Qxd4+ 30. Kh1 Qc4 31. Kg1 Qc5+ 32. Kh1 h5 33. Nh2 Qe5 34. Qb3 Re7 35. Qc2
g6 36. Qc8+ Kg7 37. Nf3 Qb5 38. Rb1 Bf6 39. Qc1 Re2 40. Qf1 Rxb2 41. Qxb5 axb5 42.
Rxb2 Bxb2 43. Kh2 Kf6 44. Kg3 Kf5 45. Nh4+ Ke4 46. Nf3 d5 47. Ng5+ Ke3 48. Nxf7 d4
49. Ne5 d3 50. Nxd3 Kxd3 51. Kh4 Bf6+ 52. Kg3 g5 53. Kf3 Kc2 54. g4 hxg4+ 55. hxg4
Kb2 56. Ke4 Kxa2 57. Kf5 Bc3 58. Kxg5 b4 59. Kf5 b3 60. Ke4 b2 61. Kd3 Bg7  0-1

[Event "4th 4NCL Easter Congress"]
[Site "Holiday Inn Peterborough - West"]
[Date "2024.03.31"]
[Round "4"]
[Board "5"]
[White "Zajaczkowski, Marek"]
[Black "Kilambi, Aahna"]
[Result "1-0"]
[WhiteElo "1656"]
[BlackElo "1571"]
[PlyCount "0"]
[EventDate "2024.03.29"]
[EventRounds "7"]
[EventCountry "ENG"]

1. f4 Nf6 2. Nf3 g6 3. b3 Bg7 4. Bb2 O-O 5. e3 d5 6. Be2 Bg4 7. O-O c5 8. d3 Nc6
9. Ne5 Bxe2 10. Qxe2 e6 11. Nd2 Nxe5 12. Bxe5 Nd7 13. Bxg7 Kxg7 14. Nf3 Qc7 15. d4
cxd4 16. Nxd4 a6 17. Rac1 Rae8 18. Qd2 e5 19. Ne2 exf4 20. exf4 Nf6 21. c4 dxc4 22.
Rxc4 Qb6+ 23. Qd4 Qxd4+ 24. Nxd4 Ng4 25. Rc7 Kg8 26. h3 Ne3 27. Rfc1 Nd5 28. Rxb7
Nxf4 29. Rcc7 Re1+ 30. Kh2 Ne6 31. Re7 Re4 32. Nxe6 Rxe6 33. Rxe6 fxe6 34. Rb6 Re8
35. Rxa6 e5 36. Kg3 e4 37. Kf2 e3+ 38. Ke2 Kg7 39. Rd6 Ra8 40. a4 Rb8 41. Rd3 Kh6
42. Kxe3 Re8+ 43. Kd2 Rf8 44. Kc2 Rc8+ 45. Kb2 Rf8 46. g3 Rc8 47. Ka3 Rb8 48. b4
Rf8 49. a5 Rf1 50. Ka4 Ra1+ 51. Kb5 Rc1 52. a6 Rc8 53. a7 Ra8 54. Ka6 Kg5 55. Rd5+
Kf6 56. b5 Ke6 57. Rd3 Ke7 58. b6 Kf6 59. b7 Rxa7+ 60. Kxa7 Kg5 61. b8=Q Kh6 62.
Qf4+ Kg7 63. Rd7 Kg8 64. Qb8+  1-0

[Event "4th 4NCL Easter Congress"]
[Site "Holiday Inn Peterborough - West"]
[Date "2024.03.31"]
[Round "4"]
[Board "6"]
[White "Smith, Adam"]
[Black "Morris, Nigel W"]
[Result "1-0"]
[WhiteElo "1646"]
[BlackElo "1651"]
[PlyCount "0"]
[EventDate "2024.03.29"]
[EventRounds "7"]
[EventCountry "ENG"]

1. e4 c5 2. c3 Nf6 3. e5 Nd5 4. d4 cxd4 5. Nf3 Nc6 6. cxd4 d6 7. Bc4 e6 8. O-O Nb6
9. Bb3 Be7 10. Qe2 dxe5 11. dxe5 Bd7 12. Nc3 a6 13. Rd1 Qc7 14. Be3 Rd8 15. Rac1
Bc8 16. Ne4 Rxd1+ 17. Rxd1 Nd7 18. Nd6+ Bxd6 19. exd6 Qa5 20. Bd2 Qb6 21. Bc3 Nf6
22. Nd4 Nxd4 23. Bxd4 Qc6 24. Qc4 Qxc4 25. Bxc4 b5 26. Be2 Bb7 27. Rc1 O-O 28. Rc7
Rb8 29. Bxf6 gxf6 30. d7  1-0

[Event "4th 4NCL Easter Congress"]
[Site "Holiday Inn Peterborough - West"]
[Date "2024.03.31"]
[Round "4"]
[Board "7"]
[White "Vu, Viet"]
[Black "Loyden, Gary"]
[Result "0-1"]
[WhiteElo "1500"]
[BlackElo "1647"]
[PlyCount "0"]
[EventDate "2024.03.29"]
[EventRounds "7"]
[EventCountry "ENG"]

1. e4 c5 2. c3 d5 3. e5 Nc6 4. d4 cxd4 5. cxd4 g6 6. Nc3 Bg7 7. Be3 Nh6 8. Bd3 Ng4
9. Bf4 Nxd4 10. Bxg6 hxg6 11. Qxd4 e6 12. Nf3 Bd7 13. h3 Qb6 14. Qxb6 axb6 15. Ke2
Nh6 16. g4 Bf8 17. Nd4 Ra5 18. a3 Rc5 19. Kd3 Be7 20. b4 Rc4 21. Be3 f6 22. f4 fxe5
23. fxe5 Nf7 24. Bf4 g5 25. Bg3 O-O 26. Raf1 Ra8 27. Ra1 Rac8 28. Rac1 Ra8 29. Ncb5
Bxb5 30. Nxb5 Rac8 31. Rxc4 Rxc4 32. Nd4 Nd8 33. h4 gxh4 34. Bxh4 Bxh4 35. Rxh4 Nc6
36. Nxe6 Nxe5+ 37. Ke2 Re4+ 38. Kd1 Nxg4 39. Rxg4+ Rxg4 40. Kc2 Rc4+ 41. Kd3 Kf7
42. Nd8+ Ke7 43. Nxb7 Rc7 44. Kd4 Rxb7 45. Kxd5 Kd7 46. Kc4 Kc6 47. a4 Rg7 48. a5
bxa5 49. bxa5 Rg4+ 50. Kb3  0-1

[Event "4th 4NCL Easter Congress"]
[Site "Holiday Inn Peterborough - West"]
[Date "2024.03.31"]
[Round "4"]
[Board "8"]
[White "Wallman, James"]
[Black "Sahoo, Shivam"]
[Result "0-1"]
[WhiteElo "1647"]
[BlackElo "1553"]
[PlyCount "0"]
[EventDate "2024.03.29"]
[EventRounds "7"]
[EventCountry "ENG"]

1. e4 e6 2. d4 d5 3. e5 c5 4. c3 Qb6 5. Nf3 Nc6 6. a4 cxd4 7. cxd4 Nge7 8. Nc3 Nf5
9. Bb5 Bd7 10. Bxc6 Bxc6 11. O-O Bb4 12. g4 Ne7 13. Bg5 Ng6 14. h4 h6 15. Be3 O-O-O
16. h5 Ne7 17. Rc1 Kb8 18. g5 hxg5 19. Nxg5 Be8 20. Nb5 Nc6 21. Rc2 a6 22. Nd6 Bxd6
23. exd6 Nb4 24. Rc1 Qxd6 25. Qd2 Qe7 26. Rc5 Nc6 27. Qe2 Nxd4 28. Qd1 Qxc5 29. Bxd4
Qe7 30. Qg4 e5 31. Bb6 Rc8 32. f4 f6 33. Ne6 Bxh5 34. Qf5 g6 35. Qh3 Be2 36. Qe3
Bxf1 37. Kxf1 Qxe6 38. fxe5 Rc1+ 39. Ke2 Qg4+ 40. Kd3 Qc4+ 41. Kd2 Qc2#  0-1

[Event "4th 4NCL Easter Congress"]
[Site "Holiday Inn Peterborough - West"]
[Date "2024.03.31"]
[Round "4"]
[Board "9"]
[White "Gibbs, John"]
[Black "Butler, Rene"]
[Result "1/2-1/2"]
[WhiteElo "1699"]
[BlackElo "1524"]
[PlyCount "0"]
[EventDate "2024.03.29"]
[EventRounds "7"]
[EventCountry "ENG"]

1. e4 d5 2. exd5 Nf6 3. d4 Nxd5 4. Nf3 Bf5 5. a3 e6 6. c4 Nf6 7. Bg5 Be7 8. Bd3 Bxd3
9. Qxd3 Nbd7 10. Nc3 c5 11. d5 exd5 12. cxd5 Qb6 13. O-O O-O 14. Rfe1 Bd6 15. Re2
h6 16. Be3 Rfe8 17. Rae1 a6 18. Qd2 Kh7 19. Qc2+ Kg8 20. b4 Qc7 21. bxc5 Nxc5 22.
Bxc5 Qxc5  1/2-1/2

[Event "4th 4NCL Easter Congress"]
[Site "Holiday Inn Peterborough - West"]
[Date "2024.03.31"]
[Round "4"]
[Board "10"]
[White "Fisher, Neal"]
[Black "Poliakov, Andrii"]
[Result "0-1"]
[WhiteElo "1694"]
[BlackElo "1241"]
[PlyCount "0"]
[EventDate "2024.03.29"]
[EventRounds "7"]
[EventCountry "ENG"]

1. d4 d5 2. Bf4 c5 3. e3 Bf5 4. c3 e6 5. Nf3 Nc6 6. Nbd2 c4 7. Ne5 Nxe5 8. Bxe5 b5
9. g4 Bg6 10. h4 h5 11. g5 f6 12. gxf6 Nxf6 13. Bh3 Bf7 14. Qf3 Bd6 15. Bg3 Bxg3
16. fxg3 a5 17. Rf1 b4 18. e4 Qe7 19. e5 Nd7 20. cxb4 axb4 21. a3 bxa3 22. Rxa3 Rb8
23. Ra7 Rxb2 24. Ra8+ Rb8 25. Rxb8+ Nxb8 26. Kf2 Nc6 27. Nxc4 O-O 28. Kg2 Nxd4 29.
Qc3 dxc4 30. Qxd4 Rc8 31. Rc1 Qc5 32. Qxc5 Rxc5 33. Kf3 c3 34. Ke4 c2 35. Bf1 Bg6+
36. Kf4 Rd5 37. Be2 Rd4+ 38. Kf3 Bh7 39. Kf2 Rb4 40. Ke1 Bg6 41. Kd2 Kf7 42. Kc3
Rb1 43. Kd2 Rxc1 44. Kxc1 Ke7 45. Bb5 Kd8 46. Ba4 Kc7 47. Bb3 Bf5 48. Ba4 Kb6 49.
Be8 g6 50. Ba4 Kc5 51. Bxc2 Bxc2 52. Kxc2 Kd5 53. Kd3 Kxe5 54. Ke3 Kf5 55. Kf3 e5
56. Ke3 Kg4 57. Kf2 e4 58. Kg2 e3  0-1

[Event "4th 4NCL Easter Congress"]
[Site "Holiday Inn Peterborough - West"]
[Date "2024.03.31"]
[Round "4"]
[Board "11"]
[White "Prabhakaran, Anvikkashri"]
[Black "Stokes, Richard"]
[Result "1-0"]
[WhiteElo "1210"]
[BlackElo "1690"]
[PlyCount "0"]
[EventDate "2024.03.29"]
[EventRounds "7"]
[EventCountry "ENG"]

1. d4 d5 2. c4 e5 3. dxe5 d4 4. Nf3 Nc6 5. g3 Bg4 6. Bg2 Qd7 7. O-O O-O-O 8. Re1
f6 9. exf6 gxf6 10. a3 h5 11. b4 Bxf3 12. exf3 h4 13. Qa4 hxg3 14. fxg3 Kb8 15. Bf4
Bh6 16. Bxh6 Nxh6 17. c5 d3 18. b5 Qd4+ 19. Qxd4 Nxd4 20. Ra2 Ne2+ 21. Kf2 Nf5 22.
g4 Nfd4 23. h3 Nxb5 24. Rb2 Nbd4 25. Nd2 c6 26. Ne4 Rhf8 27. Nd6 Rd7 28. Reb1 Nb5
29. Nxb5 cxb5 30. Rxb5 Nc3 31. c6 Nxb5 32. cxd7 Nd6 33. Rd1 Rd8 34. Rxd3 Rxd7 35.
Ke2 Re7+ 36. Re3 Rc7 37. Rd3 Nf7 38. f4 a6 39. Bd5 Nd6 40. Bb3 Nb5 41. a4 Na7 42.
Rd8+ Nc8 43. Be6 b6 44. Rxc8+ Rxc8 45. Bxc8 Kxc8 46. h4 Kd8 47. g5 fxg5 48. fxg5
Ke7 49. h5 Kf7 50. Ke3 Kg7 51. Kd4 b5 52. a5 Kf7 53. Ke5 Kg7 54. g6 Kf8 55. Kf6 b4
56. h6 Kg8 57. h7+ Kh8 58. g7+ Kxh7  1-0

[Event "4th 4NCL Easter Congress"]
[Site "Holiday Inn Peterborough - West"]
[Date "2024.03.31"]
[Round "4"]
[Board "12"]
[White "Cuthbert, Larissa"]
[Black "Sartain, Patrick P"]
[Result "0-1"]
[WhiteElo "1605"]
[BlackElo "1642"]
[PlyCount "0"]
[EventDate "2024.03.29"]
[EventRounds "7"]
[EventCountry "ENG"]

1. d4 d5 2. c4 c6 3. Nc3 e6 4. Bf4 Bd6 5. Bg3 Bxg3 6. hxg3 Nf6 7. Nf3 Nbd7 8. Qc2
dxc4 9. e4 h6 10. Bxc4 Nb6 11. Bd3 Qe7 12. Qe2 Bd7 13. O-O g5 14. Rac1 Ng4 15. Rfe1
h5 16. Qd2 Rg8 17. Kf1 h4 18. gxh4 gxh4 19. Ke2 a6 20. Qf4 Rc8 21. Rh1 c5 22. Rce1
cxd4 23. Nxd4 e5 24. Qf3 exd4 25. Nd5 Nxd5 26. Kf1 Nb4  0-1

[Event "4th 4NCL Easter Congress"]
[Site "Holiday Inn Peterborough - West"]
[Date "2024.03.31"]
[Round "4"]
[Board "13"]
[White "Neville, Andy"]
[Black "Gilbert, David J"]
[Result "1-0"]
[WhiteElo "1503"]
[BlackElo "1683"]
[PlyCount "0"]
[EventDate "2024.03.29"]
[EventRounds "7"]
[EventCountry "ENG"]

1. e4 d5 2. e5 Bf5 3. d4 e6 4. Nf3 Nd7 5. Bb5 c6 6. Be2 c5 7. c4 Ne7 8. Nc3 cxd4
9. Nb5 Nc6 10. cxd5 exd5 11. Nd6+ Bxd6 12. exd6 O-O 13. O-O Nde5 14. Nxd4 Nxd4 15.
Qxd4 Qxd6 16. Bf4 f6 17. Bc4 Rfd8 18. Bb3 Nc6 19. Bxd6 Nxd4 20. Bxd5+ Kh8 21. Bxb7
 1-0

[Event "4th 4NCL Easter Congress"]
[Site "Holiday Inn Peterborough - West"]
[Date "2024.03.31"]
[Round "4"]
[Board "14"]
[White "Jerome, Stellio"]
[Black "Patel, Diah"]
[Result "1-0"]
[WhiteElo "1674"]
[BlackElo "1495"]
[PlyCount "0"]
[EventDate "2024.03.29"]
[EventRounds "7"]
[EventCountry "ENG"]

1. f4 d5 2. Nf3 Nf6 3. e3 g6 4. Be2 Bg7 5. O-O Nc6 6. d3 O-O 7. Qe1 Qd6 8. Nc3 a6
9. Kh1 e5 10. e4 d4 11. Nd1 Be6 12. Qh4 h6 13. fxe5 Nxe5 14. Bf4 Nfg4 15. Nxe5 g5
16. Ng6 fxg6 17. Bxd6 Rxf1+ 18. Bxf1 gxh4 19. Bxc7 Rc8 20. Bb6 Rxc2 21. Kg1 Be5 22.
h3 Nf6 23. b3 Nh5 24. Nf2 Bg3 25. Bxd4 Kf8 26. Be3 Nf4 27. Ng4 Bxg4 28. hxg4 h5 29.
gxh5 Nxh5 30. b4 h3 31. a3 h2+ 32. Kh1 Bd6 33. Bh6+ Kg8 34. d4 Ng3+ 35. Kxh2 Nxf1+
36. Kg1 Ng3 37. e5 Nf5 38. exd6 Nxh6 39. d7 Nf7 40. Re1 Ra2 41. Re8+ Kg7 42. Re7
Kf6 43. Rxf7+ Kxf7 44. d8=Q Rxa3 45. Qc7+ Ke6 46. Qxb7 Ra1+ 47. Kh2 Rd1 48. Qxa6+
Kf5 49. Qb5+ Kf6 50. d5 Rd4 51. Qc6+ Ke5 52. b5 Rxd5 53. b6 Rd6 54. Qc7 Ke6 55. b7
Rd7 56. Qc4+ Ke7 57. b8=Q Rd8 58. Qe5+ Kf8 59. Qcf4+ Kg8 60. Qe6+ Kh7 61. Qff7+ Kh6
62. Qexg6#  1-0

[Event "4th 4NCL Easter Congress"]
[Site "Holiday Inn Peterborough - West"]
[Date "2024.03.31"]
[Round "4"]
[Board "15"]
[White "Gordon, Tim"]
[Black "Dargue, Peter W"]
[Result "1-0"]
[WhiteElo "1500"]
[BlackElo "1584"]
[PlyCount "0"]
[EventDate "2024.03.29"]
[EventRounds "7"]
[EventCountry "ENG"]

1. e4 c6 2. d4 d5 3. Nc3 dxe4 4. Nxe4 Nf6 5. Nxf6+ exf6 6. Nf3 Bd6 7. Bd3 O-O 8.
O-O Re8 9. h3 Nd7 10. c4 b6 11. Qc2 g6 12. b3 a5 13. Bb2 c5 14. Rfe1 Bb7 15. Rxe8+
Qxe8 16. Re1 Qf8 17. Be4 Bxe4 18. Qxe4 f5 19. Qh4 f6 20. d5 g5 21. Nxg5 fxg5 22.
Qxg5+ Kf7 23. Qxf5+ Kg8 24. Qxd7 Rd8 25. Qg4+ Kf7 26. Qe6#  1-0

[Event "4th 4NCL Easter Congress"]
[Site "Holiday Inn Peterborough - West"]
[Date "2024.03.31"]
[Round "4"]
[Board "16"]
[White "Raj Konwar, Daryan"]
[Black "RoyChowdhury, Aashita"]
[Result "0-1"]
[WhiteElo "1362"]
[BlackElo "1579"]
[PlyCount "0"]
[EventDate "2024.03.29"]
[EventRounds "7"]
[EventCountry "ENG"]

1. e4 c6 2. Nc3 d5 3. d4 dxe4 4. Nxe4 Nf6 5. Nc3 Bf5 6. Be2 e6 7. Nf3 Bb4 8. O-O
Bd6 9. Bg5 Nbd7 10. Re1 O-O 11. Bd3 Bg4 12. Ne4 Be7 13. h3 Bxf3 14. Qxf3 Nxe4 15.
Bxe7 Qxe7 16. Rxe4 Nf6 17. Re2 Qd6 18. Rd1 Qc7 19. Qg3 Qxg3 20. fxg3 g6 21. Rf1 Nd5
22. a3 b5 23. h4 Rfe8 24. h5 Kg7 25. h6+ Kg8 26. Be4 f5 27. Bd3 Rad8 28. Rfe1 Kf7
29. c4 bxc4 30. Bxc4 Nc7 31. g4 Rxd4 32. Bb3 Rxg4 33. Rc1 Kf6 34. Rxc6 Re7 35. Rec2
Nb5 36. R6c4 Nd4 37. Rxd4 Rxd4 38. Rc8 Rh4 39. Rf8+ Kg5 40. Rd8 e5 41. g3 Rd4 42.
Rc8 e4  0-1

[Event "4th 4NCL Easter Congress"]
[Site "Holiday Inn Peterborough - West"]
[Date "2024.03.31"]
[Round "4"]
[Board "17"]
[White "Hristov, Georgi"]
[Black "Fletcher, Ben J"]
[Result "1-0"]
[WhiteElo "1661"]
[BlackElo "1605"]
[PlyCount "0"]
[EventDate "2024.03.29"]
[EventRounds "7"]
[EventCountry "ENG"]

1. d4 Nf6 2. Nf3 d5 3. e3 c5 4. c3 Nc6 5. Bd3 Bg4 6. Nbd2 e6 7. O-O Qc7 8. e4 cxd4
9. exd5 Nxd5 10. cxd4 Nxd4 11. Qa4+ b5 12. Qxd4 Bh3 13. Bxb5+ Kd8 14. Qh4+  1-0

[Event "4th 4NCL Easter Congress"]
[Site "Holiday Inn Peterborough - West"]
[Date "2024.03.31"]
[Round "4"]
[Board "18"]
[White "Carpenter, David J"]
[Black "Graeme, Matthew"]
[Result "0-1"]
[WhiteElo "1686"]
[BlackElo "1156"]
[PlyCount "0"]
[EventDate "2024.03.29"]
[EventRounds "7"]
[EventCountry "ENG"]

1. Nf3 f5 2. g3 Nf6 3. Bg2 d5 4. d4 g6 5. Bf4 Bg7 6. Be5 Nbd7 7. c3 Nxe5 8. Nxe5
c6 9. f4 Qb6 10. Qc2 Nd7 11. Nxd7 Bxd7 12. Nd2 O-O 13. h4 e6 14. h5 c5 15. e3 cxd4
16. exd4 Rfe8 17. hxg6 hxg6 18. Nf3 Bb5 19. O-O-O Qa6 20. Kb1 Bc4 21. b3 Be2 22.
Rde1 Bd3  0-1

[Event "4th 4NCL Easter Congress"]
[Site "Holiday Inn Peterborough - West"]
[Date "2024.03.31"]
[Round "5"]
[Board "1"]
[White "Griffin-Young, Sebastian"]
[Black "Ramsey, David"]
[Result "1-0"]
[WhiteElo "1576"]
[BlackElo "1682"]
[PlyCount "0"]
[EventDate "2024.03.29"]
[EventRounds "7"]
[EventCountry "ENG"]

1. c4 Nf6 2. Nc3 g6 3. g3 Bg7 4. Bg2 d6 5. d4 c6 6. Nf3 O-O 7. O-O Bg4 8. Bg5 Qd7
9. Re1 Re8 10. b4 h6 11. Bxf6 Bxf6 12. Qd2 Bg7 13. Rad1 Bxf3 14. Bxf3 Na6 15. b5
Nc7 16. bxc6 bxc6 17. Qc2 f5 18. Qa4 d5 19. cxd5  1-0

[Event "4th 4NCL Easter Congress"]
[Site "Holiday Inn Peterborough - West"]
[Date "2024.03.31"]
[Round "5"]
[Board "2"]
[White "Loyden, Gary"]
[Black "Homer, Neil S"]
[Result "1/2-1/2"]
[WhiteElo "1647"]
[BlackElo "1693"]
[PlyCount "0"]
[EventDate "2024.03.29"]
[EventRounds "7"]
[EventCountry "ENG"]

1. c4 e6 2. Nf3 d5 3. g3 c5 4. cxd5 exd5 5. d4 Nc6 6. Bg2 Nf6 7. O-O Be7 8. Nc3 c4
9. Re1 Bf5 10. Nh4 Be6 11. Nf3 Bb4 12. Bg5 O-O 13. Ne5 Be7 14. Nxc6 bxc6 15. e4 dxe4
16. Nxe4 Nxe4 17. Bxe7 Qxe7 18. Bxe4  1/2-1/2